<?xml version="1.0" encoding="UTF-8"?>
<collection xmlns="http://www.loc.gov/MARC21/slim">
 <record>
  <leader>06459nam a2200445 a 4500</leader>
  <controlfield tag="001">kal1254</controlfield>
  <controlfield tag="003">Gr-AtHEAL</controlfield>
  <controlfield tag="005">20160421125049.0</controlfield>
  <controlfield tag="006">m        d        </controlfield>
  <controlfield tag="008">160413s2015    gr      s           gre|c</controlfield>
  <datafield tag="020" ind1=" " ind2=" ">
   <subfield code="a">9789606033483</subfield>
  </datafield>
  <datafield tag="040" ind1=" " ind2=" ">
   <subfield code="a">GR-AtHEAL</subfield>
   <subfield code="b">gre</subfield>
   <subfield code="c">GR-AtHEAL</subfield>
  </datafield>
  <datafield tag="082" ind1="0" ind2="4">
   <subfield code="a">796.01</subfield>
   <subfield code="2">23</subfield>
  </datafield>
  <datafield tag="100" ind1="1" ind2=" ">
   <subfield code="a">Θεοδωράκης, Ιωάννης.</subfield>
   <subfield code="8">224</subfield>
  </datafield>
  <datafield tag="245" ind1="1" ind2="0">
   <subfield code="a">Ψυχολογική υποστήριξη στον αθλητισμό και την άσκηση για υγεία</subfield>
   <subfield code="h">[Ηλεκτρονικός πόρος] </subfield>
   <subfield code="b">Στρατηγικές ενίσχυσης για τον αθλητισμό την άσκηση γαι υγεία και τη φυσική αγωγή</subfield>
   <subfield code="c">Θεοδωράκης, Ιωάννης ;  Χατζηγεωργιάδης, Αντώνιος ;  Ζουρμπάνος, Νίκος ; Κριτικός αναγνώστης,Σταύρου, Νεκτάριος ; Τεχνική επιμέλεια,Ζήνας, Νικόλαος.</subfield>
  </datafield>
  <datafield tag="260" ind1=" " ind2=" ">
   <subfield code="a">Αθήνα :</subfield>
   <subfield code="b">Σύνδεσμος Ελληνικών Ακαδημαϊκών Βιβλιοθηκών,</subfield>
   <subfield code="c">c2015.</subfield>
  </datafield>
  <datafield tag="490" ind1=" " ind2=" ">
   <subfield code="a">Ακαδημαϊκά Ηλεκτρονικά Συγγράμματα και Βοηθήματα Κάλλιπος</subfield>
   <subfield code="8">40</subfield>
  </datafield>
  <datafield tag="520" ind1=" " ind2=" ">
   <subfield code="a">Το βιβλίο αυτό απευθύνεται σε φοιτητές Σχολών Φυσικής Αγωγής και Αθλητισμού, και σε εργαζόμενους καθηγητές εκπαιδευτικούς Φυσικής Αγωγής, όπως επίσης και σε αθλητικούς ψυχολόγους, προπονητές όλων των αθλημάτων, ή εργαζόμενους σε προγράμματα άσκησης και υγείας. Η θεματολογία του είναι πρωτότυπη και δεν υπάρχει αντίστοιχη στην ελληνική βιβλιογραφία. Παρουσιάζει όλο το σύγχρονο φάσμα των ψυχολογικών διαδικασιών και τεχνικών που χρησιμοποιούνται πρωτίστως για την παρακίνηση, την ψυχολογική προετοιμασία και την ενίσχυση των αθλητών, αλλά οι οποίες ταυτόχρονα μπορούν να χρησιμοποιηθούν με βάση τη σύγχρονη έρευνα, σε όλες τις κατηγορίες υγειών και κλινικών πληθυσμών που θέλουν να ασκηθούν, όπως επίσης και στο μάθημα της φυσικής αγωγής στο σχολείο. Ειδικότερα για τα προγράμματα άσκησης για υγεία που αναπτύσσονται τελευταία, οι ψυχολογικές αυτές τεχνικές, μπορούν να συμβάλουν θετικά στο να παραμένουν για μακρύ χρονικό διάστημα τα άτομα στα προγράμματα, να νοιώθουν όμορφα και ευχάριστα. Τα κεφάλαια: 1. ΕΙΣΑΓΩΓΗ, ΣΚΟΠΟΙ ΚΑΙ ΜΕΘΟΔΟΛΟΓΙΑ Η ΨΥΧΟΛΟΓΙΚΗ ΥΠΟΣΤΗΡΙΞΗ ΕΙΝΑΙ ΑΝΑΓΚΑΙΑ ΣΕ ΟΛΑ ΤΑ ΣΠΟΡ 2. ΕΝΙΣΧΥΟΝΤΑΣ ΤΑ ΚΙΝΗΤΡΑ ΤΟΥ ΚΑΘΕΝΟΣ. ΣΤΡΑΤΗΓΙΚΕΣ ΠΑΡΑΚΙΝΗΣΗΣ 3. ΑΛΛΑΓΗ ΣΤΑΣΕΩΝ ΚΑΙ ΥΙΟΘΕΤΗΣΗ ΥΓΙΕΙΝΩΝ ΣΥΜΠΕΡΙΦΟΡΩΝ 4. ΠΟΥ ΠΡΕΠΕΙ ΝΑ ΣΤΟΧΕΥΕΙ ΚΑΝΕΙΣ. ΚΑΘΟΡΙΣΜΟΣ ΣΤΟΧΩΝ 5. ΕΝΙΣΧΥΣΗ ΤΗΣ ΑΥΤΟΠΕΠΟΙΘΗΣΗΣ 6. Ο ΕΛΕΓΧΟΣ ΤΗΣ ΠΡΟΣΟΧΗΣ. ΑΥΤΟΣΥΓΚΕΝΤΡΩΣΗ 7. ΕΛΕΓΧΟΣ ΣΚΕΨΕΩΝ ΚΑΙ ΣΥΝΑΙΣΘΗΜΑΤΩΣΝ. ΑΓΧΟΣ ΚΑΙ ΣΤΡΕΣ 8. ΑΠΟ ΤΗ ΦΑΝΤΑΣΙΑ ΣΤΗΝ ΠΡΑΓΜΑΤΙΚΟΤΗΤΑ. ΝΟΕΡΗ ΑΠΕΙΚΟΝΙΣΗ. 9. Η ΤΕΧΝΗ ΤΗΣ ΘΕΤΙΚΗΣ ΣΚΕΨΗΣ: ΑΥΤΟ-ΟΜΙΛΙΑ 10. ΟΡΓΑΝΩΣΗ ΠΑΡΕΜΒΑΣΕΩΝ ΜΕ ΤΗ ΧΡΗΣΗ ΨΥΧΟΛΟΓΙΚΩΝ ΤΕΧΝΙΚΩΝ ΚΑΙ ΔΕΞΙΟΤΗΤΩΝ ΚΑΙ ΠΡΟΓΡΑΜΜΑΤΙΣΜΟΣ  Κάθε κεφάλαιο έχει την παρακάτω δομή:  ΣΥΝΟΨΗ ΠΡΟΑΠΑΙΤΟΥΜΕΝΗ ΓΝΩΣΗ ΘΕΩΡΙΑ ΠΑΡΑΔΕΙΓΜΑΤΑ ΚΑΙ ΑΣΚΗΣΕΙΣ  ΣΤΟΝ ΑΓΩΝΙΣΤΙΚΟ ΑΘΛΗΤΙΣΜΟ,  ΣΕ ΠΡΟΓΡΑΜΜΑΤΑ ΑΣΚΗΣΗ ΥΓΕΙΩΝ ΚΑΙ ΚΛΙΝΙΚΩΝ ΠΛΗΘΥΣΜΩΝ  ΣΤΟ ΜΑΘΗΜΑ ΤΗΣ ΦΥΣΙΚΗΣ ΑΓΩΓΗΣ ΔΙΑΔΡΑΣΤΙΚΕΣ ΑΣΚΗΣΕΙΣ ΚΑΤΑΝΟΗΣΗΣΟΔΗΓΙΕΣ ΓΙΑ ΦΟΙΤΗΤΕΣ,  ΟΔΗΓΙΕΣ ΓΙΑ ΔΙΔΑΣΚΟΝΤΕΣ ΣΧΕΤΙΚΑ ΒΙΝΤΕΟ ΣΤΟ ΔΙΑΔΙΚΤΥΟ ΣΧΕΤΙΚΕΣ ΙΣΤΟΣΕΛΙΔΕΣ ΕΠΙΣΚΟΠΗΣΗ ΤΟΥ ΚΕΦΑΛΑΙΟΥ ΣΕ ΒΙΝΤΕΟΔΙΑΛΕΞΗ 10 ΛΕΠΤΩ</subfield>
  </datafield>
  <datafield tag="650" ind1=" " ind2="0">
   <subfield code="a">Sports</subfield>
   <subfield code="x">Psychological aspects</subfield>
   <subfield code="8">2041</subfield>
  </datafield>
  <datafield tag="653" ind1=" " ind2=" ">
   <subfield code="a">Φυσική αγωγή</subfield>
  </datafield>
  <datafield tag="653" ind1=" " ind2=" ">
   <subfield code="a">Άσκηση κλινικών πληθυσμών</subfield>
  </datafield>
  <datafield tag="653" ind1=" " ind2=" ">
   <subfield code="a">Στάσεις</subfield>
  </datafield>
  <datafield tag="653" ind1=" " ind2=" ">
   <subfield code="a">Αθλητική απόδοση</subfield>
  </datafield>
  <datafield tag="653" ind1=" " ind2=" ">
   <subfield code="a">Αυτοσυγκέντρωση</subfield>
  </datafield>
  <datafield tag="653" ind1=" " ind2=" ">
   <subfield code="a">Αυτοομιλία</subfield>
  </datafield>
  <datafield tag="653" ind1=" " ind2=" ">
   <subfield code="a">Αυτοαποτελεσματικότητα</subfield>
  </datafield>
  <datafield tag="653" ind1=" " ind2=" ">
   <subfield code="a">Στόχοι</subfield>
  </datafield>
  <datafield tag="653" ind1=" " ind2=" ">
   <subfield code="a">Παρακίνηση</subfield>
  </datafield>
  <datafield tag="653" ind1=" " ind2=" ">
   <subfield code="a">Άσκηση για υγεία</subfield>
  </datafield>
  <datafield tag="653" ind1=" " ind2=" ">
   <subfield code="a">Ψυχολογικές τεχνικές</subfield>
  </datafield>
  <datafield tag="653" ind1=" " ind2=" ">
   <subfield code="a">Επιστήμες της ζωής</subfield>
   <subfield code="a">Αθλητική επιστήμη/επιστήμη φυσικής αγωγής και αθλητισμού</subfield>
   <subfield code="a">Αθλητική ψυχολογία</subfield>
  </datafield>
  <datafield tag="653" ind1=" " ind2=" ">
   <subfield code="a">Επιστήμες της ζωής</subfield>
   <subfield code="a">Αθλητική επιστήμη/επιστήμη φυσικής αγωγής και αθλητισμού</subfield>
  </datafield>
  <datafield tag="700" ind1="1" ind2=" ">
   <subfield code="a">Χατζηγεωργιάδης, Αντώνιος</subfield>
   <subfield code="e">Συγγραφέας</subfield>
   <subfield code="8">232</subfield>
  </datafield>
  <datafield tag="700" ind1="1" ind2=" ">
   <subfield code="a">Ζουρμπάνος, Νικόλαος,</subfield>
   <subfield code="e">Συγγραφέας</subfield>
   <subfield code="8">233</subfield>
  </datafield>
  <datafield tag="700" ind1="1" ind2=" ">
   <subfield code="a">Σταύρου, Νεκτάριος</subfield>
   <subfield code="e">Κριτικός αναγνώστης</subfield>
   <subfield code="8">234</subfield>
  </datafield>
  <datafield tag="856" ind1="4" ind2="0">
   <subfield code="u">http://hdl.handle.net/11419/1254</subfield>
   <subfield code="z">Πλήρες Κείμενο - Full text</subfield>
  </datafield>
  <datafield tag="907" ind1=" " ind2=" ">
   <subfield code="a">.b2567996x</subfield>
   <subfield code="b">12-06-18</subfield>
   <subfield code="c">29-07-16</subfield>
  </datafield>
  <datafield tag="949" ind1=" " ind2=" ">
   <subfield code="0">0</subfield>
   <subfield code="1">0</subfield>
   <subfield code="2">ddc</subfield>
   <subfield code="4">0</subfield>
   <subfield code="6">796_010000000000000_ΘΕΟ</subfield>
   <subfield code="7">0</subfield>
   <subfield code="8">KALL</subfield>
   <subfield code="8">755</subfield>
   <subfield code="d">2016-04-13</subfield>
   <subfield code="r">2016-04-13</subfield>
   <subfield code="w">2016-04-13</subfield>
   <subfield code="z">796.01 ΘΕΟ</subfield>
   <subfield code="o">SEAB KALLIPOS</subfield>
  </datafield>
  <datafield tag="998" ind1=" " ind2=" ">
   <subfield code="a">80</subfield>
   <subfield code="a">01</subfield>
   <subfield code="a">02</subfield>
   <subfield code="a">03</subfield>
   <subfield code="a">04</subfield>
   <subfield code="a">05</subfield>
   <subfield code="a">06</subfield>
   <subfield code="a">07</subfield>
   <subfield code="a">08</subfield>
   <subfield code="a">09</subfield>
   <subfield code="a">10</subfield>
   <subfield code="a">11</subfield>
   <subfield code="a">12</subfield>
   <subfield code="a">13</subfield>
   <subfield code="a">14</subfield>
   <subfield code="a">16</subfield>
   <subfield code="a">17</subfield>
   <subfield code="a">18</subfield>
   <subfield code="a">19</subfield>
   <subfield code="a">20</subfield>
   <subfield code="a">21</subfield>
   <subfield code="a">22</subfield>
   <subfield code="a">23</subfield>
   <subfield code="a">24</subfield>
   <subfield code="a">25</subfield>
   <subfield code="a">26</subfield>
   <subfield code="b">16-05-17</subfield>
   <subfield code="c">m</subfield>
   <subfield code="d">z  </subfield>
   <subfield code="e">-</subfield>
   <subfield code="f">gre</subfield>
   <subfield code="g">gr </subfield>
   <subfield code="h">0</subfield>
  </datafield>
  <datafield tag="942" ind1=" " ind2=" ">
   <subfield code="2">ddc</subfield>
   <subfield code="c">KALLIPOS</subfield>
  </datafield>
 </record>
</collection>
